LEADER 05135nam a22005775a 4500
001 CEM.cems024513
008 250214s1984####ag############000#0#spa#d
005 20250214173755.0
245 1 0 |a Antología poética del Renacimiento hispánico /  |c Edición preparada por Antonio Prieto. 
250 |a 1a ed. 
260 |a Buenos Aires :  |b Hyspamerica,  |c 1984. 
300 |a 329 p. 
490 1 |a Historia Universal de la Literatura ;  |v 63 
505 0 |a Copla / Juan Boscán -- Soneto / Juan Boscán -- Epístola / Juan Boscán -- Octava rima (fragmentos) / Juan Boscán -- Égloga I / Garcilaso de la Vega -- Égloga III / Garcilaso de la Vega -- Canción III / Garcilaso de la Vega -- Ode ad florem gnidi / Garcilaso de la Vega -- De Aníbal / D. Hurtado de Mendoza -- Glosa / D. Hurtado de Mendoza -- Epístola de Don Gonzalo / D. Hurtado de Mendoza -- Fábula del cangrejo / D. Hurtado de Mendoza -- Villancico / Juan Fernández de Heredia -- Otro / Juan Fernández de Heredia -- A otro / Juan Fernández de Heredia -- Reprensión contra los poetas españoles que escriben en verso italiano / Cristóbal de Castillejo -- Soneto / Cristóbal de Castillejo -- Octava / Cristóbal de Castillejo -- Villancico / Santa Teresa -- A la soledad / Hernando de Acuña -- Al rey nvestro / señor / Hernando de Acuña -- Chiste / Gutierre de Cetina -- Soneto XXI / Gutierre de Cetina -- Soneto en la muerte de Pero Mexía / Gutierre de Cetina -- Mortales, ¿habéis visto mayor cosa... / Gregorio Silvestre -- Aunque, señora, me muero... / Jorge de Montemayor -- Este soneto ha tenido muchos padrastros... / Diego Ramírez Pagán -- Imitación del epigrama 51, lib. 3°, de Marcial / Juan de Mal-Lara -- Cena jocosa / Baltasar de Alcázar -- Sextina / Baltasar de Alcázar -- A cupido / Baltasar de Alcázar -- Presa soy de vos solo... / Fernando de Herrera -- Canción en ala / Fernando de Herrera -- Soneto IX / Fernando de Herrera -- Del ciego error de la pasada vida... / Luis de Ribera -- Desengañado estoy de la esperanza... / Juan de la Cueva -- Elegía a Garcilaso de la Vega en su muerte / Cristóbal Mosquera de Figueroa -- Soneto / Vicente Espinel -- Canción a su patria / Vicente Espinel -- Vida retirada / Fray Luis de León -- A Francisco Salinas / Fray Luis de León -- Noche serena / Fray Luis de León -- A Felipe Ruíz / Fray Luis de León -- Al licenciado Grial / Fray Luis de León -- Descanso después de la tempestad / Fray Luis de León -- Morada del cielo / Fray Luis de León -- En la ascensión / Fray Luis de León -- A Santiago / Fray Luis de León -- Soneto / B. Arias Montano -- Salmos / B. Arias Montano -- Salmo XII / Malón de Chaide -- Salmo XLI / Malón de Chaide -- Soneto / Juan de Almeida -- Glosas / Juan de Almeida -- Sigo, silencio, tu estrellado manto... / Francisco de la Torre -- Filis / Francisco de la Torre -- Al rey don Felipe nuestro señor / Francisco de Aldana -- Carta del mismo capitán Francisco de Aldana para Arias Montado / Francisco de Aldana -- Carta del mismo capitán Francisco de Aldana a un amigo / Francisco de Aldana -- Subida del Monte Carmelo / San Juan de la Cruz -- Cántico espiritual / San Juan de la Cruz -- Llama de amor viva / San Juan de la Cruz -- Partiendo de la luz... / Francisco de Figueroa -- Canción / Francisco de Figueroa -- Ode V / Francisco de Medrano -- Soneto XXX / Francisco de Medrano -- Ode XXXIV / Francisco de Medrano -- Epístola moral / Andrés Fernández de Andrada -- Diana enamorada / Gaspar Gil Polo -- Rimas provençales / Gaspar Gil Polo -- Al túmulo del rey Felipe II en Sevilla / Miguel de Cervantes -- A un valentón metido a pordiosero / Miguel de Cervantes -- Diálogo entre Babieca y Rocinante / Miguel de Cervantes 
020 |a 9506141479 
100 1 |a Prieto, Antonio; ed. 
700 1 |a Boscán, Juan. 
700 1 |a Vega, Garcilaso de la. 
700 1 |a Hurtado de Mendoza, D. 
700 1 |a Fernández de Heredia, Juan. 
700 1 |a Castillejo, Cristóbal de. 
700 1 |a Teresa de Jesús, Santa. 
700 1 |a Acuña y Zúñiga, Hernando de. 
700 1 |a Cetina, Gutierre de. 
700 1 |a Silvestre, Gregorio. 
700 1 |a Montemayor, Jorge de. 
700 1 |a Ramírez Pagán, Diego. 
700 1 |a Mal-Lara, Juan de. 
700 1 |a Alcázar, Baltasar de. 
700 1 |a Herrera, Fernando de. 
700 1 |a Ribera, Luis de. 
700 1 |a Cueva, Juan de la. 
700 1 |a Mosquera de Figueroa, Cristóbal. 
700 1 |a Espinel, Vicente. 
700 1 |a León, Fray Luis de. 
700 1 |a Arias Montano, B. 
700 1 |a Pedro, Malón de Chaide. 
700 1 |a Almeida, Juan de. 
700 1 |a Torre, Francisco de la. 
700 1 |a Aldana, Francisco de. 
700 1 |a Cruz, San Juan de la. 
700 1 |a Figueroa, Francisco de. 
700 1 |a Medrano, Francisco de. 
700 1 |a Fernández de Andrada, Andrés. 
700 1 |a Gil Polo, Gaspar. 
700 1 |a Cervantes Saavedra, Miguel de. 
653 |a Literatura hispánica 
653 |a Poesía hispánica 
653 |a Poesía española 
653 |a Literatura española 
859 |a CEMS  |b BIB. CEMS - 11 de abril  |h 868.04  |i P933  |p 29769.25  |t Ej.1